| 000 | 00677nam a2200181 a 4500 | ||
|---|---|---|---|
| 001 | 000047354 | ||
| 005 | 20201002060509.0 | ||
| 008 | 180508s1973 dr a 000 0 spa d | ||
| 040 |
_aDO-SdBNP _bspa _cBNPHU |
||
| 082 |
_axxxx _bR696p |
||
| 100 | 1 |
_aRodríguez de Fernández, Aida _975010 |
|
| 245 | 1 | 0 |
_aPoesías, adivinanzas y canciones : _bpara niños / _cAida Rodríguez de Fernández ; música Luis F. Alberti ; ilustraciones Bárbara Suncar. |
| 260 |
_aSanto Domingo : _bCedcap _bCultural Dominicana, _c1973. |
||
| 300 |
_a57 p. : _bil. mus. ; _c23 cm. |
||
| 590 | _aInventariado, 2018/ YL | ||
| 700 | 1 |
_aAlberti, Luis F. _emus _961995 |
|
| 700 | 1 |
_aSuncar, Bárbara _eil. _975011 |
|
| 999 |
_c46842 _d46842 |
||